Manažment rizika prostredníctvom Cash-flow-at-risk a Earnings-at-risk

Charakteristika koncepcií : Value-at-risk, Cash-flow-at-risk, Earnings-at-risk. Komparácia týchto metód merania rizika. Postup výpočtu Cash-flow-at-risk a Earnings-at-risk. Obmedzenia týchto metód.

Salvato in:
Dettagli Bibliografici
Autore principale: Lukáč, Miroslav
Natura: Capitolo di libro
Lingua:slovacco
Soggetti:
Tags: Aggiungi Tag
Nessun Tag, puoi essere il primo ad aggiungerne!!

MARC

LEADER 00000nla$a2200000$$$4500
001 0148650
005 20240502072656.0
041 0 |a slo 
044 |a SK 
245 1 0 |a Manažment rizika prostredníctvom Cash-flow-at-risk a Earnings-at-risk  |c Miroslav Lukáč 
520 |a Charakteristika koncepcií : Value-at-risk, Cash-flow-at-risk, Earnings-at-risk. Komparácia týchto metód merania rizika. Postup výpočtu Cash-flow-at-risk a Earnings-at-risk. Obmedzenia týchto metód. 
610 2 0 |a riadenie rizík 
610 2 0 |a riziko 
610 2 0 |a meranie 
610 2 0 |a hospodárenie finančné 
610 2 0 |a cash flow 
610 2 0 |a výkonnosť 
610 2 0 |a zisk 
610 2 0 |a strata 
610 2 0 |a prognózovanie 
100 1 |a Lukáč, Miroslav